Statistiques concernant Paroles Rue de la Paix

Cliquez ici pour prendre le quiz!

Statistiques générales

  • Ce quiz a été pris 635 fois
  • Le résultat moyen est 260 sur 338

Statistiques - réponses

Réponse% Correct
de
98%
la
98%
Un
98%
un
98%
mon
97%
a
96%
à
96%
le
96%
paix
96%
rue
96%
en
94%
Je
93%
je
93%
93%
tout
93%
monde
92%
me
91%
hôtel
90%
château
89%
Espagne
89%
J'achète
89%
gagne
86%
ma
84%
fin
82%
ça
79%
pour
79%
Pour
79%
que
79%
et
78%
Et
78%
vends
77%
pas
74%
au
72%
mettre
72%
ne
70%
mes
67%
ce
66%
enfin
66%
qui
66%
s'aimerait
66%
fait
65%
les
64%
âme
63%
avant
62%
maison
61%
diable
60%
peur
58%
bonheur
56%
nous
56%
peau
55%
tué
55%
l'avoir
54%
l'ours
53%
manque
53%
nos
53%
j'ai
52%
une
52%
communauté
51%
tant
51%
mer
50%
puisque
50%
vienne
50%
On
49%
pieds
49%
caisse
48%
trop
48%
auto
47%
roule
47%
vite
47%
carte
46%
manquer
46%
prison
46%
si
46%
dans
45%
mourir
45%
chance
44%
réussite
44%
bien
43%
gazoline
42%
n'a
42%
plus
42%
sauve
42%
l'oxygène
40%
meubles
40%
contre
39%
douceur
39%
c'est
38%
cher
38%
prix
38%
quelques
36%
mérité
35%
tours
35%
usine
35%
passe
34%
violence
33%
armes
32%
charmes
32%
l'attention
31%
magot
31%
monopoliser
31%
quitte
31%
rendre
31%
vaut
31%
donnerais
29%
pis
29%
puise
29%
rester
29%
clou
27%
l'action
26%
avance
25%
m'est
25%
s'achète
23%
toucher
23%
vaux
20%

Distribution des résultats

Percentile par nombre de réponses

% des personnes avec chaque résultat

Votre développement - résultats

Vous n’avez pas pris ce quiz